| 000 | 00735nam a2200205Ia 4500 | ||
|---|---|---|---|
| 008 | 191130s2003##################000#0#eng## | ||
| 020 | _a9780231112239 | ||
| 040 |
_aACL _cACL |
||
| 082 | _a791.43658 ROL | ||
| 245 |
_aThe Columbia companion to American history on film: how the movies have portrayed the American past _cedited by Peter C. Rollins |
||
| 260 |
_aNew York _bColumbia University Press _c2003 |
||
| 300 | _axxi, 671 p. : ill. ; 26 cm | ||
| 500 | _aIncludes bibliographical references and index | ||
| 650 | _aUnited States - History - Miscellanea | ||
| 650 | _aUnited States - In motion pictures | ||
| 700 | _aRollins, Peter C | ||
| 990 | _ac9edd184ac10000c41b08ab2f81ed99e | ||
| 991 | _a360526 | ||
| 999 |
_c302650 _d302650 |
||